000 00844nam a2200241 a 4500
005 20180803165351.0
008 140129b2007 ck ||||| |||| 00| 0 spa d
041 _aspa
044 _ack
090 _aIAVH
_b00973
100 _aFranco, Ana María
_9408
245 _aEspecies de aves con presión por el comercio ilegal en Colombia
260 _aBogotá
_bInstituto Alexander von Humboldt
_c2007
300 _aPlegable
520 _aTiene el propósito de informar sobre las especies de aves amenazadas por el comercio ilegal, que se consideran focales ya que requieren especial atención para su conservación
650 _aPlegable
_95420
650 _aComercio ilegal
_95646
650 _aAves
_992429
700 _aBaptiste, María Piedad
_91795
700 _aDevenish, Christian
_91983
942 _cCD-ROM
_2z
945 _d2008-07-11
999 _c6387
_d6387